[Event "28th WSCC Women 50 2018"]
[Site "Bled"]
[Date "2018.11.19"]
[Round "2"]
[White "Makropoulou, Marina"]
[Black "Burchardt, Brigitte"]
[Result "1/2-1/2"]
[WhiteElo "2110"]
[BlackElo "2200"]
[Annotator "TA"]
[PlyCount "40"]
[EventDate "2018.11.17"]
[EventType "swiss"]
[EventCountry "SLO"]
[SourceTitle "playchess.com"]
[Source "ChessBase"]
[SourceQuality "1"]

{[%evp 19,40,21,16,18,32,39,50,0,0,-10,0,0,0,-8,0,0,0,0,0,0,0,0,0]} 1. e4 c5 2. Nf3 d6 3. d4 cxd4 4. Nxd4 Nf6 5. Nc3 a6 6. Be3 e5 7. Nf3 Be7 8. Bc4 O-O 9. O-O Qc7 10. Bb3 {B90: Sicilian Najdorf: Unusual White 6th moves, 6 Be3 Ng4 and 6 Be3 e5} Nbd7 {LiveBook: 6 Games} (10... Be6 11. Nh4 g6 12. Bh6 Re8 13. Qd2 Nbd7 14. Nf5 Bxb3 15. axb3 Nc5 16. Rae1 Ne6 17. Ne3 Rac8 18. h3 Bf8 19. Bxf8 Rxf8 {1-0 (46) Giri,A (2755)-Anand,V (2776) Moscow 2016}) 11. a4 b6 12. Re1 $146 {White is slightly better.} ({Predecessor:} 12. Nh4 Nc5 13. Nd5 Nxd5 14. Bxd5 Rb8 15. Nf5 Kh8 16. Ra3 Bxf5 17. exf5 Qd7 {0-1 (53) Zakurdjaeva,I (2298)-Bodnaruk,A (2224) Orel 2006}) 12... Bb7 13. Nh4 g6 $1 {The position is equal.} 14. Bh6 Rfe8 15. Qf3 Nc5 16. Ba2 Ne6 17. Qg3 Nh5 18. Qg4 {[#] And now Nxg6! would win.} Nf6 19. Qg3 Nh5 20. Qg4 {aiming for Nxg6!} Nf6 1/2-1/2

[Event "28th WSCC Women 50 2018"]
[Site "Bled"]
[Date "2018.11.20"]
[Round "3"]
[White "Grabuzova, Tatiana"]
[Black "Strutinskaia, Galina"]
[Result "1/2-1/2"]
[WhiteElo "2326"]
[BlackElo "2201"]
[Annotator "TA"]
[PlyCount "67"]
[EventDate "2018.11.17"]
[EventType "swiss"]
[EventCountry "SLO"]
[SourceTitle "playchess.com"]
[Source "ChessBase"]
[SourceQuality "1"]

{[%evp 25,67,10,19,-19,0,-16,14,9,0,0,0,0,0,0,-2,-10,0,0,-3,-12,0,-4,0,-15,-4,-7,-7,-11,0,0,0,0,25,2,1,0,0,0,12,0,3,0,0,0]} 1. d4 Nf6 2. c4 e6 3. Nc3 d5 4. cxd5 exd5 5. Bg5 c6 6. e3 Be7 7. Bd3 Nbd7 {[%cal Bb8d7,Bd7f8,Bf8e6][%mdl 32]} 8. Qc2 Nf8 9. Nge2 Ne6 10. Bh4 g6 11. f3 b6 12. O-O O-O 13. Rad1 Bb7 {[#] LiveBook: 29 Games. D36: Queen's Gambit Declined: Exchange Variation: Main line (5 Bg5 c6 6 Qc2)} 14. e4 $146 ({Predecessor:} 14. Qc1 Rc8 15. a3 a5 16. Qb1 Nh5 17. Bf2 Bd6 18. e4 Nhf4 19. Nxf4 Nxf4 20. Bg3 Ne6 21. e5 {0-1 (80) Korobov,A (2668)-Yilmaz,M (2640) Kocaeli 2017}) 14... dxe4 15. Bxe4 Nd5 (15... Rc8 {looks sharper.} 16. Rfe1 Re8 17. a3 Qd7 18. Bg3 Nd5) 16. Bxd5 cxd5 17. Bxe7 Qxe7 18. Qd2 Qd6 19. Qe3 Rfe8 20. Qe5 Rad8 21. Qxd6 Rxd6 22. Rfe1 Kf8 23. Nb5 Rd7 24. a4 a6 25. Na3 Bc6 26. Nc3 a5 27. Kf2 Rde7 28. g3 g5 29. Re5 f6 {The position is equal.} 30. Re3 Nc7 31. Rxe7 Kxe7 32. Rc1 Kd7 33. Ncb5 Na6 34. Re1 {Accuracy: White = 54%, Black = 55%.} 1/2-1/2

[Event "28th WSCC Women 50 2018"]
[Site "Bled"]
[Date "2018.11.20"]
[Round "3"]
[White "Burchardt, Brigitte"]
[Black "Krasenkova, Ilena"]
[Result "1/2-1/2"]
[WhiteElo "2200"]
[BlackElo "2144"]
[Annotator "TA"]
[PlyCount "144"]
[EventDate "2018.11.17"]
[EventType "swiss"]
[EventCountry "SLO"]
[SourceTitle "playchess.com"]
[Source "ChessBase"]
[SourceQuality "1"]

{[%evp 13,144,35,48,13,16,10,17,4,15,13,11,11,15,1,11,0,10,0,0,-11,-12,-18,-8,-12,0,0,1,0,10,5,35,33,42,15,22,10,163,56,57,20,12,0,37,0,0,0,0,0,0,0,0,-17,-7,-30,0,-51,11,3,6,-14,-7,-14,-7,-22,-7,-14,-18,-74,-5,-5,-5,-5,0,0,-1,-1,0,0,0,0,0,0,0,0,0,0,0,0,0,0,0,0,0,0,0,0,0,0,0,-60,0,0,0,0,0,0,0,-33,-33,-33,-33,-33,-33,-33,-11,-60,-60,-60,-60,-60,0,-60,-60,-60,-29,-60,-60,-60,-60,-60,-60,-60,0]} 1. e4 c6 2. Nc3 d5 3. Nf3 dxe4 4. Nxe4 Bf5 5. Ng3 Bg4 6. h3 Bxf3 7. Qxf3 Nf6 {LiveBook: 16 Games. B11: Caro-Kann: Two Knights Variation} 8. Qb3 (8. Bc4 e6 9. O-O Nbd7 10. Re1 Be7 11. c3 O-O 12. d4 Re8 13. Be3 Qc7 14. Rad1 Rad8 15. Bb3 {1-0 (40) Stukopin,A (2587)-Nyzhnyk,I (2616) Kenner 2016 CBM 178 [Stukopin,A]}) 8... Qc7 9. d4 e6 {The position is equal.} 10. Be2 Nbd7 {[%cal Bb8d7,Bd7f6,Bf6d5,Bd5f4][%mdl 32]} 11. O-O Bd6 12. Nh5 $146 ({Predecessor:} 12. c4 O-O 13. Nh5 Nxh5 14. Bxh5 c5 15. dxc5 Bxc5 {0-1 (46) Heinrich,L (1976)-Broschwitz,M (2098) Bayern 2006}) 12... O-O 13. Nxf6+ Nxf6 14. Qf3 Rfe8 15. Bg5 Nd5 16. c4 Nf4 17. Bd1 {[#] aiming for c5.} Ng6 18. Bc2 e5 19. d5 cxd5 {...e4 is the strong threat.} 20. Qxd5 Be7 21. Be3 Red8 22. Qe4 Rac8 23. Rfd1 Nf8 24. b3 ({Avoid the trap} 24. Bxa7 $2 b6 $19) (24. Qf3 {feels hotter.} b6 25. Be4 Nd7 26. Bf5 Rb8 27. Bxd7 Rxd7 28. Rxd7 Qxd7 29. Rd1) 24... b5 $2 (24... g6 $11) 25. Bd3 (25. Rxd8 $18 Qxd8 26. cxb5) 25... b4 $14 26. Be2 (26. Qf3 {seems wilder.} Bc5 27. Bxc5 Qxc5 28. Bf5 Rb8 29. Be4) 26... g6 27. Rd5 Rxd5 28. Qxd5 Rd8 29. Qb5 Ne6 30. Rd1 Rxd1+ 31. Bxd1 Kg7 32. Qd5 Bc5 33. Bd2 Qd6 34. Kf1 ({White should try} 34. Qxd6 $11 Bxd6 35. Bf3) 34... a5 (34... Qxd5 $15 35. cxd5 Nc7) 35. Qxd6 $11 Bxd6 {[%mdl 4096] Endgame KBB-KBN} 36. Ke2 Bc5 37. f3 f5 38. Bc1 Bd4 39. g3 Kf6 40. a3 {[#]} (40. h4 $11) 40... h5 (40... f4 $1 $17 {[%cal Rf4g3]} 41. g4 Bc3) 41. axb4 axb4 42. h4 f4 43. gxf4 exf4 44. Kf1 g5 45. hxg5+ Kxg5 46. Kg2 Bc3 47. Kh3 Bd4 48. Bd2 Bc5 49. Be1 Kf5 50. Kh4 Kg6 51. Bc2+ Kh6 {Threatens to win with ...Ng5.} 52. Bd2 Be7+ 53. Kh3 Kg5 54. Be1 Kh6 55. Bf2 Bc5 56. Bf5 (56. Be1 $11) 56... Bxf2 (56... Ng5+ $1 $15 57. Kg2 Bxf2 58. Kxf2 Kg7) 57. Bxe6 $15 {KB-KB} Bc5 58. Bf5 Kg5 59. Be4 Be7 60. c5 Bxc5 61. Bd3 Bf2 62. Be4 Kf6 63. Bd5 Ke5 64. Bc4 (64. Bf7 {with more complications.} h4 65. Kg4 Kd4 66. Bc4 Kc3 67. Bf7) 64... Kd4 65. Be6 Be1 66. Bf7 Ke3 (66... Kc3 $15) 67. Bd5 ({White should play} 67. Bxh5 $11 Bc3 68. Kg4) 67... Ke2 68. Be4 Bg3 69. Bc6 Kd3 {Black is slightly better.} 70. Be4+ Kd4 71. Bg6 Kc3 72. Bf7 Kd4 {Precision: White = 44%, Black = 49%.} ({Better is} 72... Kc2 $15) 1/2-1/2

[Event "28th WSCC Women 50 2018"]
[Site "Bled"]
[Date "2018.11.20"]
[Round "3"]
[White "Aseeva, Marina"]
[Black "Khropova, Larisa"]
[Result "1-0"]
[WhiteElo "2173"]
[BlackElo "2052"]
[Annotator "TA"]
[PlyCount "51"]
[EventDate "2018.11.17"]
[EventType "swiss"]
[EventCountry "SLO"]
[SourceTitle "playchess.com"]
[Source "ChessBase"]
[SourceQuality "1"]

{[%evp 15,51,80,81,43,66,13,27,19,36,8,24,-6,38,1,73,54,108,127,262,264,256,243,260,233,277,255,246,251,415,411,1031,1018,1166,1143,2229,2207,29995,29996]} 1. e4 d6 2. d4 Nf6 3. Nc3 g6 4. Be3 c6 5. Qd2 Ng4 6. Bg5 h6 7. Bh4 Bg7 8. h3 {B07: Pirc Defence: Miscellaneous Systems} (8. f3 Nf6 9. O-O-O b5 10. Kb1 O-O 11. Bd3 Nbd7 12. g4 b4 13. Nce2 c5 14. Bf2 Qc7 15. dxc5 dxc5 16. Bb5 {0-1 (44) Caruana,F (2822)-Mamedyarov,S (2808) Stavanger 2018}) 8... Nf6 {LiveBook: 16 Games} 9. O-O-O O-O 10. g4 (10. f4 $14) 10... b5 $11 {[%cal Bb7b5,Bb5b4][%mdl 32]} 11. Bg2 b4 12. Nce2 a5 $146 ({Predecessor:} 12... Qa5 13. Kb1 Be6 14. Nc1 Na6 15. Nge2 {1-0 (73) Schindler,V (2082)-Urytskyy,A (2205) Schney 2006}) 13. g5 hxg5 14. Bxg5 Bb7 (14... d5 $11 {remains equal.}) 15. h4 $16 {[%cal Bh3h4,Bh4h5,Bh5h6][%mdl 32]} Nbd7 ({Black should try} 15... a4 $14) 16. Bh6 {Strongly threatening h5!} Ng4 (16... b3 $16 {was necessary.} 17. cxb3 e6) 17. Bxg7 $18 Kxg7 18. Qf4 Ngf6 {[#]} 19. h5 $1 {[%mdl 512]} Rh8 (19... Nxh5 20. Rxh5) 20. h6+ Kg8 {[#]} 21. e5 $1 dxe5 $2 (21... Nh7 {keeps fighting.} 22. Qg3 (22. exd6 Nhf6 $18) 22... Qe8) 22. dxe5 Nd5 (22... Qc7 $142 23. exf6 Qxf4+ 24. Nxf4 Nxf6) 23. Bxd5 cxd5 {[#]} 24. h7+ $1 {[%mdl 576] Decoy} Rxh7 25. Rxh7 Kxh7 26. Qxf7+ {Accuracy: White = 64%, Black = 20%.} 1-0

[Event "28th WSCC Women 50 2018"]
[Site "Bled"]
[Date "2018.11.20"]
[Round "3"]
[White "Ankudinova, Yelena"]
[Black "Berend, Elvira"]
[Result "0-1"]
[WhiteElo "2107"]
[BlackElo "2332"]
[Annotator "TA"]
[PlyCount "150"]
[EventDate "2018.11.17"]
[EventType "swiss"]
[EventCountry "SLO"]
[SourceTitle "playchess.com"]
[Source "ChessBase"]
[SourceQuality "1"]

{[%evp 11,150,62,101,0,0,-16,0,0,7,9,1,-18,-15,-25,-16,-25,-18,-13,0,-24,-41,-53,-23,-66,-55,-70,-72,-63,-75,-91,-74,-71,-67,-62,-65,-64,-58,-57,-58,-106,-74,-124,-131,-133,-119,-229,-107,-178,-171,-182,-176,-195,-191,-206,-207,-208,-198,-201,-208,-205,-209,-211,-127,-152,-99,-105,-98,-115,-110,-104,-109,-143,-133,-212,-195,-198,-207,-177,-199,-222,-221,-216,-154,-186,-182,-752,-737,-769,-773,-649,-750,-724,-708,-693,-410,-544,-370,-489,0,-177,-177,-177,-71,-71,-71,-71,-71,-50,-16,-303,-90,-65,-50,-50,-50,-738,-514,-732,-732,-732,-732,-727,-708,-708,-20,-1812,-1948,-1943,-1834,-1683,-1644,-1526,-1260,-1508,-1287,-5497,-5077,-5509,-9752,-1737,-1535]} 1. c4 c5 2. Nf3 Nc6 3. Nc3 g6 4. e3 Bg7 5. d4 Nf6 6. d5 Nb8 {LiveBook: 29 Games. A35: Symmetrical English: 2 Nc3 Nc6 3 Nf3} (6... Na5 7. e4 d6 8. h3 O-O 9. Bd3 e6 10. O-O exd5 11. exd5 a6 12. Bf4 Nh5 13. Bg5 Qb6 14. Qd2 Bd7 15. Rac1 {1-0 (34) Roiz,M (2600)-Bauer,C (2623) Berlin 2015}) 7. d6 ({White should play} 7. e4 $16) 7... O-O $11 8. Be2 exd6 $146 {The position is equal.} ({Predecessor:} 8... Nc6 9. O-O b6 10. e4 Bb7 11. e5 Ng4 12. Nd5 e6 13. Bg5 f6 14. Nxf6+ Nxf6 15. Re1 Nxe5 16. Nxe5 Qe8 17. Bd3 Rb8 18. Qa4 {1-0 (18) Malmstroem,J-Koziol,P LSS email 2006}) 9. Qxd6 b6 10. O-O Bb7 11. Nd2 Ne8 12. Qg3 Nc6 {[%cal Bb8c6,Bc6e5,Be5g4][%mdl 32]} 13. Rd1 f5 14. Bf3 Rb8 {[%cal Ba8b8,Bb8b7,Bb7e7][%mdl 32]} 15. a4 Kh8 16. Nb3 d6 17. Bd5 Ne5 18. Nd2 Nf6 19. Bxb7 Rxb7 20. f4 Nh5 21. Qf2 Ng4 22. Qf3 $1 {[%cal Rf3b7]} Re7 23. Nf1 Bxc3 24. bxc3 Ngf6 $36 {[%mdl 2048] Black has good play.} 25. Qc6 Rc7 26. Qb5 Ne4 27. a5 bxa5 28. Rxa5 (28. Nd2 $17 {is a better defense.}) 28... Nhf6 (28... Rg7 $1 $19 {has better winning chances.} 29. Re1 Rfg8) 29. Ra3 (29. Qb2 $17) 29... Qe7 30. Rb3 Rf7 31. Bd2 Rb7 32. Qa4 Rxb3 $1 33. Qxb3 Nd7 $1 34. Be1 Nb6 35. Ra1 Qe6 36. Ra6 Kg7 ({Don't take} 36... Nxc4 37. Qb8+ Kg7 38. Rxa7 $17) 37. Qa2 Qe7 (37... Qxc4 $142 38. Rxa7 Qxa2 39. Rxa2 Nd5) 38. h3 $17 Kg8 39. Kh1 Qe6 40. Rxa7 Qxc4 {...Rxa7 is the strong threat.} 41. Qxc4 Nxc4 42. Rxf7 (42. Ra8+ $17 {was worth a try.} Kg7 43. g4) 42... Kxf7 {[%mdl 4096] Endgame KBN-KNN} 43. g4 Ke6 44. Kg2 Nb2 45. Ng3 Nxg3 $1 46. Kxg3 $19 {KB-KN} Nc4 47. Kf3 Kd5 $1 48. gxf5 $2 (48. e4+ fxe4+ 49. Ke2) 48... gxf5 49. Bh4 Nd2+ $1 50. Ke2 Ne4 51. Kd3 c4+ 52. Kc2 Nc5 53. Kd2 Ke4 54. Ke2 Kd5 $2 (54... Na4 55. Bf6 Nb6) 55. Kd2 $1 Ke6 56. Kc2 Nd7 (56... Na4 $1 $19 57. Bd8 Kd5) 57. Kd2 Nf8 58. Ke2 Kd5 59. Kf3 Nd7 60. Bg3 $2 {[%mdl 8192]} (60. e4+ $11 fxe4+ 61. Ke3) 60... Nc5 $2 (60... Nf6 $1 $19 {is more deadly.} 61. Be1 Kc5) 61. Be1 $17 Ne4 62. Ke2 $1 h6 63. Kf3 $2 {[%mdl 8192]} (63. Kd1 $15) 63... Kc5 64. Ke2 Kb5 $1 65. Kd1 Ka4 $1 66. Kc2 {[#]} Ka3 $1 67. Bh4 Ka2 $2 ({Better is} 67... h5 $19 68. Be7 Ka4) 68. Be1 $2 {[%mdl 8192]} (68. Be7 $11) 68... d5 $19 {Black is clearly winning.} 69. Bh4 Nd6 70. Bf6 Nb5 71. Bg7 h5 72. Bf6 {[#]} Na3+ $1 73. Kd2 Kb3 74. Kc1 Nb5 75. Kd2 Nd6 {Accuracy: White = 34%, Black = 68%.} 0-1

[Event "28th WSCC Women 50 2018"]
[Site "Bled"]
[Date "2018.11.20"]
[Round "3"]
[White "Lauterbach, Ingrid"]
[Black "Makropoulou, Marina"]
[Result "1/2-1/2"]
[WhiteElo "2027"]
[BlackElo "2110"]
[Annotator "TA"]
[PlyCount "120"]
[EventDate "2018.11.17"]
[EventType "swiss"]
[EventCountry "SLO"]
[SourceTitle "playchess.com"]
[Source "ChessBase"]
[SourceQuality "1"]

{[%evp 23,120,46,59,0,0,-3,14,0,0,0,0,-4,-12,-15,0,0,0,0,-6,-11,0,0,0,0,0,0,0,0,0,0,0,-10,8,-11,-3,-55,-49,-52,-43,-66,-67,-112,19,30,63,24,56,56,53,53,66,52,43,2,69,35,64,49,64,64,72,70,59,0,93,70,119,108,112,17,19,14,19,0,95,106,81,75,79,0,0,0,0,0,0,0,0,0,0,0,0,0,0,0,0,0,0,0,0]} 1. e4 e5 2. Nc3 Nf6 3. g3 d5 4. exd5 Nxd5 5. Bg2 Nxc3 6. bxc3 Nc6 7. d3 Bc5 8. Nf3 O-O 9. O-O Bg4 {C47: Scotch Four Knights and Four Knights with 4 g3} 10. Qe1 (10. h3 Bh5 11. g4 Bg6 12. Re1 e4 13. dxe4 Qxd1 14. Rxd1 Bxe4 15. Nd4 Bxg2 16. Kxg2 Rfd8 17. Be3 Ne5 18. Bf4 {½-½ (33) Mamedyarov,S (2801)-Giri,A (2782) chess.com INT 2018}) 10... Re8 11. Qe4 Qd7 12. Ng5 Bf5 $1 {[%cal Rf5e4] [#] LiveBook: 5 Games} 13. Qd5 (13. Bh3 $1 $14 {[%mdl 512]} g6 (13... Bxh3 14. Qxh7+) 14. Qh4 (14. Bxf5 Qxf5 15. Rb1 Bb6 $11)) 13... Qxd5 $11 14. Bxd5 {Be3 is the strong threat.} Nd8 $146 ({Predecessor:} 14... Bg6 15. Be3 Bb6 16. Rab1 h6 17. Ne4 {1-0 (42) Gaehler,M (2302)-Shinoda,T (1918) Guimaraes 2012}) 15. Be3 (15. Re1 {is interesting.} Bd7 16. a4 Bc6 17. Bb3 h6 18. Ne4) 15... Ba3 16. Bc1 Bxc1 17. Raxc1 h6 18. Nf3 c6 19. Bb3 Kf8 20. Rfe1 f6 21. Nh4 Be6 22. f4 g5 23. Bxe6 Nxe6 24. fxg5 hxg5 25. Nf5 Rad8 26. Rb1 b6 27. a4 Rd5 28. Rb4 Red8 29. Rf1 ({White should play} 29. Rbe4 $11) 29... Rc5 $1 $15 30. Ne3 Kg7 31. c4 Kg6 32. Rb2 f5 (32... Ng7 $17) 33. Nxf5 Rd7 34. g4 Nf4 35. Re1 Ra5 36. Ra2 Kf6 37. Raa1 Rh7 38. Re3 Rh3 (38... b5 $11) 39. Ng3 Rh4 40. Ne4+ Kg6 41. Nf2 $1 Rh7 42. h3 Rf7 43. Ne4 (43. Ree1 $14) 43... Re7 (43... Rh7 $11) 44. Nc3 Ne6 45. Rf1 Nd4 46. Rf2 ({White should try} 46. Ne4 $16) 46... Rf7 $11 47. Rxf7 Kxf7 {[%mdl 4096] Endgame KRN-KRN} 48. Ne4 Nxc2 (48... Kg6 $1 $11) 49. Rf3+ $16 Kg7 50. Nxg5 Nd4 {[#]} 51. Re3 (51. Rf7+ $1 $16 Kg6 52. h4 Rxa4 53. Rf8) 51... Rxa4 $11 {The position is equal.} 52. Rxe5 Kf6 53. Re4 {Hoping for Nh7+.} Kxg5 54. Rxd4 {KR-KR} Ra2 55. Rd8 Kf4 56. Rf8+ Kg3 57. g5 Ra1+ 58. Rf1 Ra2 59. Rf6 Ra1+ 60. Rf1 Ra2 {Accuracy: White = 54%, Black = 46%.} 1/2-1/2

[Event "28th WSCC Women 50 2018"]
[Site "Bled"]
[Date "2018.11.22"]
[Round "5"]
[White "Grabuzova, Tatiana"]
[Black "Kasoshvili, Tsiala"]
[Result "1-0"]
[WhiteElo "2326"]
[BlackElo "2029"]
[Annotator "TA"]
[PlyCount "65"]
[EventDate "2018.11.17"]
[EventType "swiss"]
[EventCountry "SLO"]
[SourceTitle "playchess.com"]
[Source "ChessBase"]
[SourceQuality "1"]

{[%evp 15,65,63,76,71,105,77,100,46,47,44,112,112,164,156,155,157,156,153,163,167,447,430,404,378,363,297,302,303,295,183,171,161,305,159,977,979,956,971,957,956,1068,916,1252,1189,1156,1204,1378,1285,1414,1337,1544,1528]} 1. d4 g6 2. c4 Bg7 3. e4 c6 4. Nc3 d6 5. Be2 Nf6 6. Bg5 a6 7. Nf3 h6 8. Be3 O-O 9. h3 {E91: King's Indian: Classical: 6 Be2, unusual replies including 6...c5 and 6...Bg4} b5 10. e5 Ne8 $146 ({Predecessor:} 10... dxe5 11. Nxe5 Be6 12. O-O bxc4 {½-½ (12) Sapis,W (2430)-Urban,K (2490) Sopot 1997}) 11. a4 (11. Qc1 $16) 11... bxc4 $14 12. Bxc4 d5 (12... dxe5 $14 13. dxe5 Qxd1+ 14. Rxd1 Nc7) 13. Bd3 $16 a5 (13... c5 $16 {might work better.}) 14. Qd2 $18 Kh7 15. h4 {[#] aiming for h5.} h5 16. e6 $36 {[%mdl 2048] Black is under strong pressure.} f5 17. g4 Nd6 $2 (17... hxg4 {was necessary.} 18. Ng5+ Kg8) 18. gxh5 gxh5 19. Ng5+ Kg8 20. Qd1 Rf6 21. Qxh5 Rh6 22. Nf7 Rxh5 23. Nxd8 Bf6 {[#]} (23... Kf8 $142 24. O-O-O Bf6) 24. O-O-O (24. Ne2 $1 $18) 24... Rxh4 $2 (24... Kf8 $16 25. Be2 Rh8) 25. Rxh4 {White is clearly winning.} Bxh4 26. Rg1+ Kh7 27. Rh1 Ba6 28. Bxa6 Rxa6 29. Bg5 Kg6 30. Bxh4 Ra7 31. Rg1+ Kh5 32. Bg3 Kh6 33. Nf7+ {Accuracy: White = 60%, Black = 34%.} 1-0

[Event "28th WSCC Women 50 2018"]
[Site "Bled"]
[Date "2018.11.22"]
[Round "5"]
[White "Strutinskaia, Galina"]
[Black "Sirotkina, Nina"]
[Result "1-0"]
[WhiteElo "2201"]
[BlackElo "2188"]
[Annotator "TA"]
[PlyCount "115"]
[EventDate "2018.11.17"]
[EventType "swiss"]
[EventCountry "SLO"]
[SourceTitle "playchess.com"]
[Source "ChessBase"]
[SourceQuality "1"]

{[%evp 31,114,-13,-15,-4,-4,-15,0,-14,0,-26,-25,-16,0,0,0,0,0,0,0,0,14,0,0,0,0,0,0,-14,-16,-10,0,-63,0,0,0,0,69,75,77,82,95,75,85,129,108,104,84,77,193,207,350,350,291,69,332,331,333,317,282,299,456,458,427,429,482,368,29949,29958,29955,29948,12850,5388,29996,29959,29989,29990,29992,29993,29993,29977,29992,29993,29998,29999,29999]} 1. d4 Nf6 2. c4 e6 3. Nc3 d5 4. Nf3 c5 5. cxd5 Nxd5 6. e4 Nxc3 7. bxc3 cxd4 8. cxd4 Bb4+ 9. Bd2 Bxd2+ 10. Qxd2 O-O 11. Bc4 Nd7 12. O-O {D41: Queen's Gambit Declined: Semi-Tarrasch with 5 cxd5} b6 13. Rad1 Bb7 14. Qf4 (14. Rfe1 Rc8 15. Bb3 Re8 16. h3 Nf6 17. Qf4 Nh5 18. Qh2 h6 19. d5 exd5 20. e5 g6 21. Nd4 Ng7 22. Nb5 {½-½ (54) Mamedyarov,S (2820)-Ding,L (2804) Batumi 2018}) 14... Rc8 15. Bd3 Qe7 16. Rfe1 Rfd8 {LiveBook: 9 Games} 17. h4 Nf8 {[%cal Bd7f8,Bf8g6,Bg6f4][%mdl 32]} 18. Bb1 $146 ({Predecessor:} 18. h5 h6 19. Re3 Rc3 20. d5 Qc7 21. Qg4 Bc8 22. Qh4 exd5 23. exd5 {½-½ (40) Arias Igual,A (2271)-Espinosa Aranda,A (2385) Linares 2014}) 18... Rc4 19. Bd3 Rcc8 20. Re3 Ng6 21. Qg4 e5 22. d5 Nf4 23. h5 {[%cal Bh4h5,Bh5h6][%mdl 32]} Rc5 24. h6 $1 {[%csl Gh6][%cal Rg4g7]} g6 25. Qg3 Re8 26. Ne1 Bc8 27. Bf1 Nh5 28. Qh2 Bd7 29. Nd3 Rc2 30. Re2 Rc3 31. Red2 (31. Re3 $11) 31... Bg4 ({Black should play} 31... Qg5 $15 32. Rb2 Nf4) 32. Be2 $36 {[%mdl 2048] Black is under pressure.} Bxe2 33. Rxe2 Rxd3 (33... a5 $11) 34. Rxd3 $14 {Threatens to win with d6.} Nf4 {[%mdl 64] Double Attack} 35. Red2 Rc8 36. Qg3 {aiming for Rc3.} Rc1+ 37. Kh2 {Strongly threatening Rc3.} Nxd3 38. Rxd3 $16 {[%mdl 4096] Endgame And now d6 would win. KQR-KQR} Qd6 39. Rc3 Rxc3 (39... Qf8 $16 40. Qh3 (40. Qxe5 Qxh6+ 41. Rh3 Qf8 $14) 40... Rxc3 41. Qxc3 Qxh6+ 42. Kg1 Qh5) 40. Qxc3 {KQ-KQ} Kf8 (40... Qf8 $142 41. Qxe5 Qxh6+ 42. Kg3 Qd2) 41. Qc8+ $1 $18 Ke7 {[#]} 42. Kg1 $2 (42. Qb7+ $1 $18 Ke8 43. Qxa7) 42... Qd7 $2 {[%mdl 8192] [#]} (42... Qc5 $1 $14 43. Qxc5+ bxc5) 43. Qb8 $1 ({Not} 43. Qh8 Qd6 $16) 43... Qa4 44. Qxe5+ Kd7 45. Kh2 {Hoping for d6.} Qd1 (45... Qc4 $142 46. Kh3 Qxa2) 46. f3 Qd2 47. Qf6 Qxh6+ 48. Kg3 Qf8 $2 (48... Qd2 $18 49. Qxf7+ {[%mdl 64] Double Attack} Kd6 50. Qf6+ (50. Qxa7 Qg5+ 51. Kf2 Qd2+ 52. Kg3 Qg5+ 53. Kh2 Qh4+ 54. Kg1 Qe1+ 55. Kh2 Qh4+ 56. Kg1 Qe1+ 57. Kh2 Qh4+ $11) 50... Kc5 51. Qe7+ Kb5 52. a4+ {[%mdl 64] Decoy} (52. Qxa7 Qg5+ 53. Kh3 Qh5+ 54. Kg3 Qg5+ 55. Kh3 Qh5+ 56. Kg3 Qg5+ $11) 52... Kxa4 53. Qxa7+ {[%mdl 64] Double Attack} Kb5 54. Qxh7 g5) 49. Qc6+ Ke7 50. Qc7+ Kf6 51. e5+ Kg5 52. d6 {[%cal Bd5d6,Bd6d7][%mdl 32] White mates.} f6 53. d7 Qb4 54. Qc1+ Kh5 55. Qf4 Qe1+ 56. Kh2 Qd1 57. g4+ Kh4 58. Qh6# {Accuracy: White = 69%, Black = 36%.} 1-0